00977 2200325 4500001002100000005001500021035002000036007000300056040001700059100002300076245012600099250001200225300002400237041000800261082000800269084001400277090002100291264003500312336002100347337003000368338002300398650002600421850001000447008004100457504002600498500002900524700005200553990002300605990002300628INLIS00000000000547120260513075310 a0010-0222000561ta aSBPUPADbInd0 aAfrizalePengarang1 aTujuh Perdebatan Utama dalam Teologi Islam :bUlama dan Cendikiawan Muslim /cAfrizal;editor, Sayed Mahdi, Ahmad Ta'yudin a.-cet.1 ax,192 hlm. ;c21 cm aInd a215 a215 AFR t a297.62 ZUH f 3-6 a.--Jakarata :bErlangga,c2006 2rdacontentaTeks 2rdamediaaTanpa Perantara 2rdacarrieraVolume 4aPemikiran Ulama Islam aPUPAD260513 0  aBibliografi, hlm 188 aTentang penulis, hlm 192 aEditor, Sayed Mahdi, Ahmad Ta'ayudinePengarang a12.913/H/KAPD/2010 a12.914/H/KAPD/2010